Countries that visit Singapore the Most - Statistics

General Stats
  • This quiz has been taken 80 times
  • The average score is 9 of 10
Answer Stats
Hint Answer % Correct
334,439 China
99%
590,958 Malaysia
93%
318,450 USA
93%
1,104,168 Indonesia
91%
283,431 Thailand
90%
686,469 India
85%
312,714 Vietnam
85%
565,684 Australia
82%
226,742 UK
82%
381,988 Philippines
69%
No matching quizzes found
Score Distribution
Percent of People with Each Score
Percentile by Number Answered
Your Score History
You have not taken this quiz